| 000 | 00977nam a22001817a 4500 | ||
|---|---|---|---|
| 999 |
_c61947 _d61947 |
||
| 003 | Ge_BSU | ||
| 005 | 20240613130213.0 | ||
| 008 | 240613s1975 ge ||||| |||| 00| 0 geo d | ||
| 041 | _ageo | ||
| 080 | _a613(075.8) კ-36 | ||
| 100 |
_aკაციტაძე, ვასილ _922419 |
||
| 245 |
_aჰიგიენა : _bნაწ. 2 : რადიაციული ჰიგიენა, სამხედრო ჰიგიენა, ჰიგიენის მეთოდური პრაქტიკუმი / _cვასილ კაციტაძე; რედ. ა ბაჩიძე. |
||
| 250 | _aმეხუთე შევსებული და გადამუშავებული გამოცემა | ||
| 264 |
_aთბილისი : _bგანათლება, _c1975. |
||
| 300 |
_a324 გვ. : _bილ. _c23 სმ. |
||
| 700 |
_aბაჩიძე, ა _eრედაქტორი _92025 |
||
| 942 |
_2udc _cᲬᲘᲒᲜᲘ |
||